Экспериментальное исследование закономерностей восприятия лексического значения языковых номинаций с прозрачной внутренней формой слова; Филологические науки. Вопросы теории и практики; № 1, ч. 2
| Parent link: | Филологические науки. Вопросы теории и практики.— , 2008- № 1, ч. 2.— 2010.— [С. 141-148] |
|---|---|
| Autor principal: | |
| Altres autors: | |
| Sumari: | Заглавие с экрана Настоящая статья посвящена вопросам формирования механизма восприятия лексического значения слова и содержит сравнительный анализ результатов экспериментального изучения восприятия лексических номинаций русскими детьми старшего дошкольного возраста и иностранными студентами, изучающими русский язык в течение двух лет. Результаты проведённого исследования указывают на существование универсальных механизмов, позволяющих индивиду воспринимать значение слова. The article is devoted to the questions of the formation of the mechanism of the perception of a word lexical meaning and contains the comparative analysis of the results of the experimental studying of the perception of the lexical nominations by the Russian children of senior pre-school age and foreign students studying the Russian language for two years. The results of the research prove the existence of the universal mechanisms allowing an individual perceiving the word meaning. Режим доступа: по договору с организацией-держателем ресурса |
| Idioma: | rus |
| Publicat: |
2010
|
| Matèries: | |
| Accés en línia: | http://www.gramota.net/materials/2/2010/1-2/42.html http://elibrary.ru/item.asp?id=15207967 |
| Format: | MixedMaterials Electrònic Capítol de llibre |
| KOHA link: | https://koha.lib.tpu.ru/cgi-bin/koha/opac-detail.pl?biblionumber=641388 |
MARC
| LEADER | 00000naa0a2200000 4500 | ||
|---|---|---|---|
| 001 | 641388 | ||
| 005 | 20250327125659.0 | ||
| 035 | |a (RuTPU)RU\TPU\network\6305 | ||
| 090 | |a 641388 | ||
| 100 | |a 20150518d2010 k||y0rusy50 ca | ||
| 101 | 0 | |a rus | |
| 102 | |a RU | ||
| 135 | |a drnn ---uucaa | ||
| 181 | 0 | |a i | |
| 182 | 0 | |a b | |
| 200 | 1 | |a Экспериментальное исследование закономерностей восприятия лексического значения языковых номинаций с прозрачной внутренней формой слова |d Electronic communication means in teaching foreign language |f А. П. Митяева, Н. Г. Фурман | |
| 203 | |a Текст |c электронный | ||
| 300 | |a Заглавие с экрана | ||
| 320 | |a [Библиогр.: с. 148 (8 назв.)] | ||
| 330 | |a Настоящая статья посвящена вопросам формирования механизма восприятия лексического значения слова и содержит сравнительный анализ результатов экспериментального изучения восприятия лексических номинаций русскими детьми старшего дошкольного возраста и иностранными студентами, изучающими русский язык в течение двух лет. Результаты проведённого исследования указывают на существование универсальных механизмов, позволяющих индивиду воспринимать значение слова. | ||
| 330 | |a The article is devoted to the questions of the formation of the mechanism of the perception of a word lexical meaning and contains the comparative analysis of the results of the experimental studying of the perception of the lexical nominations by the Russian children of senior pre-school age and foreign students studying the Russian language for two years. The results of the research prove the existence of the universal mechanisms allowing an individual perceiving the word meaning. | ||
| 333 | |a Режим доступа: по договору с организацией-держателем ресурса | ||
| 461 | |t Филологические науки. Вопросы теории и практики |d 2008- | ||
| 463 | |t № 1, ч. 2 |v [С. 141-148] |d 2010 | ||
| 510 | 1 | |a Electronic communication means in teaching foreign language |z eng | |
| 610 | 1 | |a электронный ресурс | |
| 610 | 1 | |a труды учёных ТПУ | |
| 610 | 1 | |a обучение | |
| 610 | 1 | |a слово | |
| 610 | 1 | |a языки | |
| 610 | 1 | |a лексическое значение слова | |
| 610 | 1 | |a языковые средства | |
| 610 | 1 | |a рефлексия | |
| 610 | 1 | |a ассоциации | |
| 700 | 1 | |a Митяева |b А. П. |c лингвист |c старший преподаватель Томского политехнического университета |f 1972- |g Анна Павловна |3 (RuTPU)RU\TPU\pers\29191 |9 13799 | |
| 701 | 1 | |a Фурман |b Н. Г. |c филолог |c доцент Томского политехнического университета, кандидат филологических наук |f 1971- |g Наталья Геннадьевна |3 (RuTPU)RU\TPU\pers\32055 |9 16102 | |
| 801 | 2 | |a RU |b 63413507 |c 20150518 |g RCR | |
| 856 | 4 | |u http://www.gramota.net/materials/2/2010/1-2/42.html | |
| 856 | 4 | |u http://elibrary.ru/item.asp?id=15207967 | |
| 942 | |c CF | ||